000 00306nam a22001217a 4500
008 230620b xxu||||| |||| 00| 0 eng d
082 _a327.17
_bUNI 1991
245 _aThe United Nations Disarmament Yearbook
260 _aNew York
_bUnited Nations
_c1991
300 _a549p
440 _v15
942 _2ddc
_cBK
999 _c1927
_d1927